00469nam a2200181Ia 4500003000400000005001700004008004100021020001400062040000700076041000800083082001900091100002000110245007100130260004100201300001800242365001300260650001400273OSt20230505110728.0210423s2007 xx 000 0 und d a333700138 cAL aeng a540223b RAOC aRAO (C N R),Ed. aUniversity general chemistry: an introduction to chemical science. aNew DelhibMacmillan India Ltdc2007 axviii,677bPB b298cINR aChemistry